Keizai hendō shihyō sōran /
Saved in:
| Corporate Author: | |
|---|---|
| Format: | Book |
| Language: | Japanese |
| Published: |
Tōkyō :
Dō Sha,
Shōwa 58 [1983]
|
| Subjects: | |
| Tags: |
Add Tag
No Tags, Be the first to tag this record!
|
| LEADER | 00925nam a2200265 a 4500 | ||
|---|---|---|---|
| 001 | 007765543-5 | ||
| 005 | 20024617115255.0 | ||
| 008 | 840919s1983 ja a s 000 0 jpn | ||
| 010 | |a 84216912 /AJ/r90 | ||
| 020 | |c Y80000 | ||
| 035 | 0 | |a ocm13333242 | |
| 040 | |a DLC |c DLC |d OCoLC |d *YNH* |d CStRLIN | ||
| 043 | |a a-ja--- | ||
| 050 | 0 | 0 | |a HC462.9 |b .K417 1983 |
| 245 | 0 | 0 | |6 880-01 |a Keizai hendō shihyō sōran / |c Tōyō Keizai Shinpōsha hen. |
| 260 | |6 880-02 |a Tōkyō : |b Dō Sha, |c Shōwa 58 [1983] | ||
| 300 | |a 34, 1068 p. : |b ill. ; |c 31 cm. + |e suppl. (7 p.) | ||
| 650 | 0 | |a Economic indicators |z Japan. | |
| 651 | 0 | |a Japan |x Economic conditions |y 1945-1989 |v Statistics. | |
| 710 | 2 | |6 880-03 |a Tōyō Keizai Shinpōsha. | |
| 880 | 0 | 0 | |6 245-01 |a 経済変動指標総覧 / |c 東洋経済新報社編. |
| 880 | |6 260-02 |a 東京 : |b 同社, |c 昭和58 [1983] | ||
| 880 | 2 | |6 710-03 |a 東洋経済新報社. | |
| 988 | |a 20021127 | ||
| 906 | |0 DLC | ||


